Pokémon - Attacken von Snobilikat in SD/LP - Statistiken

Allgemein
  • Dieses Quiz wurde 2 mal gespielt
  • Das Durchschnittsergebnis liegt bei 18 aus 57
Antwortstatistiken
Antwort % Korrekt
Biss
100%
Kratzer
100%
Kreideschrei
100%
Schlitzer
100%
Zahltag
100%
Angeberei
50%
Blitz
50%
Brüller
50%
Delegator
50%
Donner
50%
Donnerblitz
50%
Dunkelklaue
50%
Eisenschweif
50%
Erholung
50%
Finsteraura
50%
Gigastoß
50%
Heuler
50%
Hyperstrahl
50%
Hypnose
50%
Juwelenkraft
50%
Knuddler
50%
Kratzfurie
50%
Psycho-Plus
50%
Regentanz
50%
Rutenschlag
50%
Schaufler
50%
Schlafrede
50%
Sonnentag
50%
Spukball
50%
Verhöhner
50%
Zuflucht
50%
Aero-Ass
0%
Amnesie
0%
Anziehung
0%
Aquawelle
0%
Ausdauer
0%
Bezirzer
0%
Charme
0%
Doppelteam
0%
Dreschflegel
0%
Fassade
0%
Folterknecht
0%
Gegenstoß
0%
Gewissheit
0%
Groll
0%
Kehrtwende
0%
Kraftschub
0%
Mogelhieb
0%
Offenlegung
0%
Ränkeschmied
0%
Raub
0%
Schmarotzer
0%
Schockwelle
0%
Schutzschild
0%
Traumfresser
0%
Wechseldich
0%
Zerschneider
0%
Keine übereinstimmenden Quizze gefunden
Verteilung der Resultate
Anzahl Personen mit jedem Resultat
Perzentil nach korrekt beantworteten Fragen
Ihre Resultats-Entwicklung
Sie haben dieses Quiz noch nicht gespielt